01462cam a2200445 4500001001400000005001700014008004100031020003100072035004100103035002700144035002800171040003000199041000800229044001100237072005400248080001800302080001400320080001800334080001900352100002900371245007000400250001900470264002700489300004600516336002600562336003800588337002900626338002900655648003000684648003800714650001800752650004700770650002300817650004700840655002200887655003500909655002200944655003000966710002000996vtls01174954720220207131734.0210202s2018 xo oa gr 000 0 slo  a9788055158655q(viazané) aC3655985-543F-4305-A7FC-812A27F95CA7 aurn:nbn:sk:snk-am3ieun aurn:nbn:sk:snk-am00e7bv aZKSEbslocZKSEdSNKerda aslo axocSK 7a796xŠport. Hry. Telesné cvičenia2konspekt a796.33222011 a08822011 a(048.8)22011 a(084.11)220111 aTruchlik, Ivan4aut4pht1 aKuriozity a rekordy majstrovstiev sveta vo futbalecIvan Truchlik aPrvé vydanie 1aBratislavabIkarc2018 a207 stránbfotografie, tabuľkyc31 cm atextbtxt2rdacontent astatický obrazbsti2rdacontent abez médiabn2rdamedia azväzokbnc2rdacarrier 7a20.-21. storočie2SNKPH 7a20th and 21st centuries2SNKPHeng07afutbal2SNKPH07akuriozity, rekordy a zaujímavosti2SNKPH07aFootball2SNKPHeng07aCuriosities, records and wonders2SNKPHeng 7aprehľady2SNKPH 7aobrazové publikácie2SNKPH 7aSurveys2SNKPHeng 7aPictorial works2SNKPHeng2 aProfimedia4pht